| 000 | 00499nam a2200145 a 4500 | ||
|---|---|---|---|
| 008 | 120416s1966 ||||||||||||||||| || u | ||
| 050 | _aHF 5635 Gri | ||
| 100 | _aGriffin, Charles H | ||
| 245 | 1 | 0 | _aAdvanced accounting |
| 260 |
_aHomewood, Ill. _bR.D. Irwin _c1966 |
||
| 300 | _axv, 830p. : ill | ||
| 350 | _a0.00 | ||
| 700 | _aWelsch, Glenn A | ||
| 995 |
_D0.00 _FCBU-MAIN LIBRARY (Kitwe) _H1 _I6.00 _UAVAILABLE _ZAnnex Low-Usage Collection |
||
| 999 |
_c33520 _d33520 |
||